000
00304nam a22001337a 4500
008
171027b xxu||||| |||| 00| 0 eng d
020
_a
9780324597707
041
_a
eng
080
_a
336
100
_a
55
101
_a
MEN
245
_a
FUNDAMENTALS OF FINANCIAL MANAGEMENT
_c
BRIGHMAN
942
_2
udc
_c
BK
999
_c
36049
_d
36049